000 00785nam a22002417a 4500
001 12821
003 HDC
007 cr bn ---
008 210211 my |0 eneng
040 _aHDC
245 0 _aReducing noise exposure in the food and drink industries
260 _a[No place] :
_bHealth & Safety Executive,
_c[no year]
300 _a4 pages
336 _atext
_2rdacontent
337 _acomputer
_2rdamedia
338 _aonline resource
_2rdacarrier
650 _aFood industry
_9536
650 _anoise exposure
_913662
856 _zRequest full-text at [email protected]
942 _2lcc
942 _cEBOOK
942 _kEBOK 002027
999 _c10144
_d10144